'L' Pictures by Category Quiz Stats

 Plays Quiz Updated Aug 30, 2014

Support Sporcle.
Go Orange.
Score 0/25 Timer 04:00
0 Plays Today
picture name % Correct
Licking
96.5%
Lemonade
96%
Lasagna
95.3%
Laughing
95.1%
Leaning Tower of Pisa
94.5%
OccupationsLibrarian
94.4%
Lifeguard
92.2%
Launching
91.6%
Lawyer
91.4%
Lacing
89.4%
Lumberjack
88.3%
VerbsLevitating
85.9%
Liberty Bell
83.5%
picture name % Correct
Food and DrinkLima Beans
81%
Legoland
78.7%
Lucky Charms
78.4%
Lacoste
73.7%
Tourist AttractionsThe Louvre
70.9%
Landscaper
60.6%
Land O'Lakes
58.9%
LogosLittle Debbie
58.6%
London Eye
58%
Lincoln
57.2%
Ladyfingers
55.4%
Long John Silver's
5.9%

You're not logged in!

Compare scores with friends on all Sporcle quizzes.
OR
Log In

From the Vault

5-Letter Movies Slideshow

by jvwald

Because 6 is too many and 4 just isn't enough.
Remove Ads.
Support Sporcle.
Get the best of Sporcle when you Go Orange. This ad-free experience offers more features, more stats, and more fun while also helping to support Sporcle. Thank you for becoming a member.

Show Comments

Extras

Top Quizzes Today


Score Distribution

Your Account Isn't Verified!

In order to create a playlist on Sporcle, you need to verify the email address you used during registration. Go to your Sporcle Settings to finish the process.

Report this User

Report this user for behavior that violates our Community Guidelines.

Details: